<?xml version="1.0" encoding="UTF-8" ?>
<collection xmlns="http://www.loc.gov/MARC21/slim"><record><leader>01410nam a2200289   4500</leader><controlfield tag="001">207078</controlfield><controlfield tag="003">CH-000273-5</controlfield><controlfield tag="005">20200603165813.0</controlfield><datafield tag="035" ind1=" " ind2=" "><subfield code="a">(OCoLC)1131777509</subfield></datafield><datafield tag="040" ind1=" " ind2=" "><subfield code="a">CH-000273-5</subfield><subfield code="b">ger</subfield><subfield code="e">rda</subfield></datafield><datafield tag="041" ind1=" " ind2=" "><subfield code="a">ger</subfield></datafield><datafield tag="100" ind1="1" ind2="0"><subfield code="a">Scholz, Ludwig</subfield><subfield code="d">1867-1939</subfield><subfield code="e">Verfasser</subfield><subfield code="4">aut</subfield></datafield><datafield tag="245" ind1="0" ind2="0"><subfield code="a">Brief, Ludwig Scholz, Dr. h. c., Schloss Worb b/Bern den 29. Juli 1931, Herrn Dr. Wartmann, Direktor des Kunsthauses Zuerich.</subfield><subfield code="b">Sehr geehrter Herr. ...</subfield><subfield code="c">Ihrer gefaelligen Rueckaeusserung entgegensehend, zeichne ich mit dem Ausdruck vorzueglicher Hochschaetzung Ludwig Scholz.</subfield></datafield><datafield tag="264" ind1=" " ind2=" "><subfield code="a">Worb b. Bern</subfield><subfield code="c">1931</subfield></datafield><datafield tag="300" ind1=" " ind2=" "><subfield code="a">1 Blatt</subfield><subfield code="c">27,3 x 21 cm</subfield></datafield><datafield tag="336" ind1=" " ind2=" "><subfield code="a">Text</subfield><subfield code="b">txt</subfield><subfield code="2">rdacontent</subfield></datafield><datafield tag="337" ind1=" " ind2=" "><subfield code="a">ohne Hilfsmittel zu benutzen</subfield><subfield code="b">n</subfield><subfield code="2">rdamedia</subfield></datafield><datafield tag="338" ind1=" " ind2=" "><subfield code="a">Blatt</subfield><subfield code="b">nb</subfield><subfield code="2">rdacarrier</subfield></datafield><datafield tag="500" ind1=" " ind2=" "><subfield code="a">Hintergrund zu Ludwig Scholz siehe http://www.worb.ch/de/aktuellesprojekte/aktuelles/newsarchiv/welcome.php?action=showinfo&amp;info_id=504617&amp;ls=0&amp;sq=&amp;kategorie_id=&amp;date_from=&amp;date_to=</subfield></datafield><datafield tag="600" ind1="1" ind2="4"><subfield code="a">Scholz, Ludwig</subfield><subfield code="d">1867-1939</subfield><subfield code="x">Brief</subfield><subfield code="x">Typoskript</subfield></datafield><datafield tag="610" ind1="2" ind2="7"><subfield code="a">Kunsthaus Zürich</subfield><subfield code="x">Ausstellung</subfield><subfield code="x">Geschäftsbrief</subfield><subfield code="2">gnd</subfield></datafield><datafield tag="655" ind1="0" ind2="7"><subfield code="a">Typoskript</subfield><subfield code="2">gnd</subfield></datafield><datafield tag="655" ind1="0" ind2="7"><subfield code="a">Brief</subfield><subfield code="2">gnd</subfield></datafield><datafield tag="700" ind1="1" ind2="0"><subfield code="a">Wartmann, Wilhelm</subfield><subfield code="d">1882-1970</subfield><subfield code="e">Adressat</subfield><subfield code="4">rcp</subfield></datafield><datafield tag="710" ind1="2" ind2="0"><subfield code="a">Kunsthaus Zürich</subfield><subfield code="e">Adressat</subfield><subfield code="4">rcp</subfield></datafield><datafield tag="852" ind1="4" ind2="0"><subfield code="a">CH-000273-5</subfield><subfield code="c">10.30.30.177c.scholz.19310729</subfield></datafield><datafield tag="856" ind1="4" ind2="1"><subfield code="u">https://digital.kunsthaus.ch:443/viewer/image/207078/1/</subfield><subfield code="y">Kunsthaus Zürich Sammlungen online</subfield></datafield></record></collection>